000 00507nam a2200193Ia 4500
005 20250508152212.0
008 008 250505s9999 xx 000 0 eng d
037 _aTextual
040 _aFEDL
_beng
_cFEDL
041 _aeng
_2eng
084 _a301, WEB
_qFEDL
100 _aWeber Max
245 0 _aMethodology of the social sciences
260 _aGlencoe
_bThe Free Press
_c1949
300 _axvii,188p.
650 _aSociology
942 _cTEXL
_h301, WEB
999 _c1334931
_d1334931